00592cam a2200169Ii 45000010006000000050017000060080041000230350023000640400025000870350019001121000019001312450070001502600056002203000036002765040052003126000058003644105620230411085955.0771018s1960 pr cg b 000 0dspa d a(OCoLC)ocm03349752 aLUUcLUUdOCLdOCLCQ a(OCoLC)33497521 aVeray, Amaury.10aManuel Gregorio Tavárez :bsoledad y plenitude /cAmaury Veray. a[San Juan de P.R.] :bAteneo puertorriqueno,c1960. a98 p. :bmusic, port. ;c22 cm. aIncludes bibliographical references (p. 97-98).10aTavâarez, Manuel G.q(Manuel Gregorio),d1843-1883.